000
00275nam a2200133Ia 4500
100
_a
Chandratreya/G.L.
942
_c
BK
654
_a
calculus
245
_a
Calculus
260
_b
Asia publishing house
_a
Bombay
_c
2001
082
_a
510
300
_a
322
546
_a
ENGLISH
999
_c
31953
_d
31953